Oil and gas in western Kentucky; (Record no. 26896)

MARC details
000 -LEADER
fixed length control field 01088cam a22002411 4500
001 - CONTROL NUMBER
control field gs 31000203
003 - CONTROL NUMBER IDENTIFIER
control field DLC
005 - DATE AND TIME OF LATEST TRANSACTION
control field 20260227111336.0
008 - FIXED-LENGTH DATA ELEMENTS--GENERAL INFORMATION
fixed length control field 780301s1930 xx 000 0 eng c
010 ## - LIBRARY OF CONGRESS CONTROL NUMBER
LC control number gs 31000203
035 ## - SYSTEM CONTROL NUMBER
System control number (OCoLC)3681255
040 ## - CATALOGING SOURCE
Original cataloging agency Library, U.S. Geological Survey
Transcribing agency OT
Modifying agency DLC
042 ## - AUTHENTICATION CODE
Authentication code premarc
050 00 - LIBRARY OF CONGRESS CALL NUMBER
Classification number TN872.K4
Item number J385
100 1# - MAIN ENTRY--PERSONAL NAME
Personal name Jillson, Willard Rouse,
Dates associated with a name 1890-
245 10 - TITLE STATEMENT
Title Oil and gas in western Kentucky;
Remainder of title a summary statement of drilling exploration and production coupled with the presentation of 494 new well records within 23 counties in the western part of the commonwealth.
Statement of responsibility, etc. By Willard Rouse Jillson. Illustrated with forty-five photographs, maps, and diagrams.
260 ## - PUBLICATION, DISTRIBUTION, ETC.
Place of publication, distribution, etc. Frankfort, Ky.,
Name of publisher, distributor, etc. The Kentucky Geological survey,
Date of publication, distribution, etc. 1930.
300 ## - PHYSICAL DESCRIPTION
Extent 6 p. l., 632 p. incl. illus., tables, diagrs.
Other physical details front. (map) fold. tab.
Dimensions 24 cm.
490 0# - SERIES STATEMENT
Series statement The Kentucky Geological survey [1920- ] Ser. VI [Geologic reports]
Volume/sequential designation v. 39
504 ## - BIBLIOGRAPHY, ETC. NOTE
Bibliography, etc. note Bibliography: p. [619]-627.
650 #0 - SUBJECT ADDED ENTRY--TOPICAL TERM
Topical term or geographic name entry element Petroleum
Geographic subdivision Kentucky.
650 #0 - SUBJECT ADDED ENTRY--TOPICAL TERM
Topical term or geographic name entry element Natural gas
Geographic subdivision Kentucky.

No items available.

Powered by Koha